00813nam a2200193 a 450000500170000000800410001702000180005805000370007605000380011324500790015125000220023026000480025230000100030044000330031065000120034399900190035595201220037495201230049620140412111227.0001117s19uu xx 00 eng d a0-15-330084-1 aTR(GS 428.6bC898Ri HBJ L.4 1989 aTR(GS 428.6bC898Ri HBJ L.4 1989 aRibbons (studybook and reading activities) /cBernice E. Cullinan, et. al. aTeacher's Edition aOrlando :bHarcout Brace Jovanovich,c1989. a94 p. aHBJ Reading Program, Level 4 aReading c102074d102074 001040aELbELcTRd2000-11-17g0.00l0oTR(GS 428.6 C898Ri HBJ L.4 1989pE0441r2014-04-12 00:00:00w2014-04-12yBK 001040aELbELcTRd2000-11-17g0.00l0oTR(GS 428.6 C898Ri HBJ L.4 1989pE2556r2014-04-12 00:00:00w2014-04-12yBK